00715nam a2200181 a 450000100100000000500170001000800410002702000180006804000250008610000360011124500990014726000370024630000210028350400340030450400730033895201050041199900170051600003978820201002033732.0130719s2011 sp 000 0 spa d a9788484495732 aDO-SdBNPbspacBNPHU1 aCañete Quesada, Carmen96598413aEl exilio español ante los programas de identidad cultural en el Caribe insular (1934-1956). aMadrid :bIberoamericana,c2011. a267 p. ;c25 cm. aBibliografía : p. 245 - 267 aIncluye referencias bibliográficas y notas al pie de las páginas 001050718MOaPDbPDcCTd2013-07-19iLF1l0o p39788-10r2020-06-25w2020-06-25y1ZNo se presta c39278d39278